Countries and Capitals Containing '(d-g)+h' - Statistics

General Stats
  • This quiz has been taken 24 times
  • The average score is 6 of 8
Answer Stats
Region Hint Answer % Correct
Asia dh Dhaka
94%
Africa gh Ghana
94%
Asia gh Afghanistan
76%
Asia gh Baghdad
76%
Asia eh Tehran
76%
Asia dh Abu Dhabi
71%
Asia dh Riyadh
71%
Africa dh Windhoek
53%
No matching quizzes found
Score Distribution
Percent of People with Each Score
Percentile by Number Answered
Your Score History
You have not taken this quiz